000 00571nam a2200193Ia 4500
999 _c33774
_d33774
003 OSt
005 20200914102009.0
008 190216s9999||||xx |||||||||||||| ||und||
020 _a9788120300545
040 _coclc
082 _a537
_bJOR/E
100 _aJordan, Edward C
_94560
245 0 _aElectromagnetic Waves And Radiating Systems /
_cEdward C Jordan ; Keith G Balmain
250 _a2nd Ed.
260 _bPrentice Hall Of India,
_c2000.
_aNew Delhi:
300 _a753p
650 _aPhysics
942 _cBK
_2ddc
_h537
_iJOR/E
_k537
_mJOR/E